Compendio de artículos técnicos del ciclo sobre el marco teórico conceptual

Guardado en:
書目詳細資料
企業作者: ICAP
格式: Texto
出版: San José: ICAP
標簽: 添加標簽
沒有標簽, 成為第一個標記此記錄!

MARC

LEADER 00000 a a2200000 04500
001 25532
003
040
090 |a 153804  
110 |a ICAP  
245 |a Compendio de artículos técnicos del ciclo sobre el marco teórico conceptual  
260 |a San José:   |b ICAP  
300 |a p. irreg; vol. I  
999 |c 5991  |d 5991